000 01407cam a2200373 a 4500
001 14688862
003 OSt
005 20230619143454.0
008 061007s2006 ii a b 101 0 eng
010 _a 2007343172
020 _a9788171885640
020 _a8171885640
025 _aI-E-2007-343172; 79-92
035 _a(IN-NdUBS)UBS06002529
037 _bLibrary of Congress -- New Delhi Overseas Office
_cRs1295.00
040 _aDLC
_cDLC
_dDLC
042 _alcode
043 _aa-ii---
082 _a303.49
_bMAL
111 2 _aIndira Gandhi Conference
_n(9th :
_d2004 :
_cNew Delhi, India)
245 1 0 _aIndia, the next decade /
_cedited by Manmohan Malhoutra.
260 _aNew Delhi :
_bAcademic Foundation,
_c2006.
300 _a570 p. :
_bill. ;
_c25 cm.
500 _a"Published in association with the Indira Gandhi Memorial Trust, New Delhi"--T. p. verso.
504 _aIncludes bibliographical references and index.
651 0 _aIndia
_xHistory
_y1947-
_vCongresses.
700 1 _aMalhoutra, Manmohan.
710 2 _aIndira Gandhi Memorial Trust.
856 4 2 _3Contributor biographical information
_uhttp://www.loc.gov/catdir/enhancements/fy0707/2007343172-b.html
856 4 2 _3Publisher description
_uhttp://www.loc.gov/catdir/enhancements/fy0707/2007343172-d.html
906 _a7
_bcbc
_corigode
_d3
_encip
_f20
_gy-gencatlg
942 _2ddc
_cBK
999 _c1344
_d1344